Physiology and Anatomy: (Record no. 356075)
[ view plain ]
| 000 -LEADER | |
|---|---|
| fixed length control field | 00400nam a2200121Ia 4500 |
| 008 - FIXED-LENGTH DATA ELEMENTS--GENERAL INFORMATION | |
| fixed length control field | 180305s9999 xx 000 0 und d |
| 020 ## - INTERNATIONAL STANDARD BOOK NUMBER | |
| International Standard Book Number | 9780340967591 |
| 100 ## - MAIN ENTRY--PERSONAL NAME | |
| Personal name | Clancy, John |
| 245 ## - TITLE STATEMENT | |
| Statement of responsibility, etc | John Clancy, Andrew J. McVicar |
| Title | Physiology and Anatomy: |
| Remainder of title | For Nurses and Healthcare Practitioners A Homeostatic Approach |
| 250 ## - EDITION STATEMENT | |
| Edition statement | 3rd ed. |
| 260 ## - PUBLICATION, DISTRIBUTION, ETC. (IMPRINT) | |
| Place of publication, distribution, etc | UK |
| Name of publisher, distributor, etc | Hodder Arnold |
| Date of publication, distribution, etc | 2009 |
| 300 ## - PHYSICAL DESCRIPTION | |
| Extent | vii, 724 Pages |
| Withdrawn status | Lost status | Damaged status | Home library | Current library | Shelving location | Date acquired | Source of acquisition | Total Checkouts | Full call number | Barcode | Date last seen | Price effective from | Koha item type |
|---|---|---|---|---|---|---|---|---|---|---|---|---|---|
| South SEED-LPDH College Library | South SEED-LPDH College Library | South SEED-LPDH College Section | 03/05/2018 | Library Fund | QP 90.4 .C587 2009 | SSLC1691 | 03/05/2018 | 03/05/2018 | Books |